000 00871nam a2200253 a 4500
001 70897
003 BD-RJUL
005 20211209082042.0
008 170422s1925 ii a o000 0 eng d
035 _a(BD-RJUL)71111
040 _aDNLM
_cDNLM
_dBD-RJUL
_beng
041 _aeng
060 0 _aEE531
082 _223
_a616.93
_bBEM
100 1 0 _aBentley, Charles A.
_9209817
245 1 0 _aMalaria and agriculture in Bengal :
_bhow to reduce malaria in Bengal by irrigation /
_cby Chas. A. Bentley ; Government of Bengal, Public Health Department.
260 0 _aCalcutta :
_bBengal Secretariat Book Depot,
_c1925.
300 _a187 P. :
_bill. ;
_c25 cm.
500 _aLimited cataloging.
650 2 _aMalaria
_xprevention & control
_zIndia.
_9209818
650 0 _aMalaria
_xPrevention.
_9209819
710 1 _aBengal.
_bPublic Health Department.
_9209820
942 _2ddc
_cBK
999 _c70897
_d70897